00813nam a22002177a 450000500170000001000150001702000270003203500140005903700090007308200230008210000250010524500480013025000060017826000550018427000700023930000270030970000330033694200370036999900190040695201700042520260609151052.0 aENG-148804 a9789378526053c1095.00 aEN-132336 bDBAD 28a381.41521095414 aGrewal, Dhruv956776 aMarketing/cDhruv Grewal [and] Michael Levy a8 aChennaibMcGraw Hill Education India Pvt Ltdc2026 a5/90 Anjana Complex, Butt Road, St. Thomas MountbChennaie600016 a686p.c28cm(pb)bIndex aLevy, MichaeleAuthor989340 2ddccENh381.41521095414mGREe8 c216567d216567 001040718NFICaDBADbDBADd2026-06-09eDelivery of Books Act Divisiong1095.00l0o381.41521095414 GREpEN-132336r2026-06-09 15:11:18t1v1095.00w2026-06-09yEN